Quiz de Múltipla Escolha de Cidades - Roma - Statistics

Estatísticas Gerais
  • Esse quiz foi jogado 30 vezes
  • A pontuação média é 6 de 10
Estatísticas das Respostas
Questão Resposta % Correto
Qual destes é um símbolo da cidade de Roma? Uma loba amamentando dois bebês
87%
O Vaticano abriga a maior igreja do mundo. Em homenagem a quem esta igreja recebeu o nome? São Pedro
83%
Na Roma Antiga, o que era o Circo Máximo? Um estádio de corrida de bigas
70%
Qual filme de 1960 sintetizou os anos despreocupados do boom do pós-guerra em Roma? A Doce Vida
65%
Em que região da Itália Roma está localizada? Lácio
65%
Que rio atravessa Roma? Tibre
61%
Qual prato romano tem origem em 1944, quando o Exército dos EUA trouxe grandes quantidades de bacon barato para a cidade? Spaghetti alla carbonara
57%
Qual é a data tradicional da fundação de Roma? 753 a.C.
52%
Qual é o apelido de Roma? A Cidade Eterna
52%
O que as pessoas esperam ganhar jogando uma moeda na Fontana di Trevi? Uma visita de retorno a Roma
26%
Nenhum quiz correspondente encontrado
Distribuição das Pontuações
Porcentagem de Pessoas com Cada Pontuação
Percentil de Números Respondidos
Sua Pontuação Histórica
Você não jogou esse quiz